01124nam a2200217 a 450000100100000000500170001000800410002702000150006804000250008310000370010824502860014526000300043130000360046149000450049750400730054270000420061571000750065783000520073295201050078499900170088900004220620201002040015.0131119s2004 sp g 000 0 spa d a840008277X aDO-SdBNPbspacBNPHU1 aEzquerro Esteban, Antonio96397010aMúsica Instrumental en las Catedrales Españolas en la Época Ilustrada :b[Música impresa] :conciertos, versos y sonatas, para chirimía, oboe, flauta y bajón - con violines y/u órgano - de la Seo y El Pilar de Zaragoza /cestudio y edición, Antonio Ezquerro Esteban. aBarcelona :bCSIC,c2004. a303 p. :bil., mús. ;c32 cm.1 aMonumentos de la música españolav69 aIncluye referencias bibliográficas y notas al pie de las páginas1 aEzquerro Esteban, Antonioeed.9639702 aInstitució Milà i Fontanals, Departamento de Musicología,969224 0aMonumentos de la música españolav69965588 001050718MOaGRbGRcCTd2013-11-19iLF1l0o p42206-10r2020-06-25w2020-06-25y1ZNo se presta c41695d41695